| 000 | 00597nam a22001577a 4500 | ||
|---|---|---|---|
| 003 | OSt | ||
| 005 | 20150909153805.0 | ||
| 008 | 150909b xxu||||| |||| 00| 0 eng d | ||
| 040 | _cRUA | ||
| 082 | _aAGR អៀ 1993 BOO8 Or.1 | ||
| 100 |
_9186 _aអៀ ឯ្សារ |
||
| 245 | _aសិក្សាពីលក្ខណៈក្សេត្ររូបសាស្រ្ត និងលក្ខណៈសរីរៈសាស្រ្តលើស្រូវប្រពៃណីប្រាំបីកួរ | ||
| 260 |
_aphnomphen _bRUA _c1993 |
||
| 300 |
_a99P. _bILL. _c29CM. |
||
| 942 |
_2ddc _cAGR |
||
| 999 |
_c167 _d167 |
||